Normal view MARC view
  • Patios

Entry Topical Term

Number of records used in: 1

001 - CONTROL NUMBER

  • control field: 120445

003 - CONTROL NUMBER IDENTIFIER

  • control field: NUST

005 - DATE AND TIME OF LATEST TRANSACTION

  • control field: 20240215093338.0

008 - FIXED-LENGTH DATA ELEMENTS

  • fixed length control field: 240215|| aca||aabn | a|a d

040 ## - CATALOGING SOURCE

  • Original cataloging agency: NUST
  • Transcribing agency: NUST

150 ## - HEADING--TOPICAL TERM

  • Topical term or geographic name entry element: Patios

670 ## - SOURCE DATA FOUND

  • Source citation: Work cat.: (NUST): Great pools, spas & outdoor living /, c2007.
© 2023 Central Library, National University of Sciences and Technology. All Rights Reserved.